| 000 | 00503nam a2200181Ia 4500 | ||
|---|---|---|---|
| 003 | GCL | ||
| 008 | 140319s9999 xx 000 0 eng d | ||
| 040 |
_aGCL / _cGCL |
||
| 082 | 0 | 4 |
_a914.4 _bD G |
| 100 | 1 | _aDE PANFLILLY, RAYMOND | |
| 245 | 1 | 0 |
_aGUIDE DES RUSSES EN FRANCE / _cDE PANFLILLY, RAYMOND |
| 260 |
_a[S.N] : _bEDITIONS HORAY ، _c1990 |
||
| 300 | _a527 P | ||
| 650 | 0 | 4 | _aEUROPE |
| 650 | 0 | 4 | _aEUROPE - DESCRIPTION AND TRAVEL |
| 650 | 0 | 4 | _aFRANCE - DESCRIPTION AND TRAVELS |
| 942 |
_2ddc _cBK |
||
| 999 |
_c16046 _d16046 |
||